[Event "Lanaudiere U1800"]
[Site "Repentigny"]
[Date "2008.10.17"]
[Round "4"]
[White "Bergeron, Roland"]
[Black "Metthe, Sylvain"]
[Result "1-0"]
[WhiteElo "1422"]
[BlackElo "1220"]
[PlyCount "69"]
[EventDate "2008.08.15"]
[EventType "swiss"]
[EventRounds "5"]
[EventCountry "CAN"]
[SourceTitle "EXT 2011"]
[Source "ChessBase"]
[SourceDate "2010.11.26"]
[SourceVersion "1"]
[SourceVersionDate "2010.11.26"]
[SourceQuality "1"]

1. f4 e6 2. Nf3 d6 3. e3 Nf6 4. b3 Nbd7 5. Bb2 b6 6. Be2 Bb7 7. 0-0 g6 8. Nc3 d5 9. h3 Bg7 10. Ne5 Nxe5 11. fxe5 Nd7 12. d4 0-0 13. Ba3 Re8 14. Bd3 Qg5 15. Qf3 f5 16. exf6 Nxf6 17. Nb5 Rec8 18. Bc1 Nd7 19. Qf7+ Kh8 20. Qxd7 Rf8 21. Nxc7 Bc8 22. Rxf8+ Bxf8 23. Qe8 Qe7 24. Qxe7 Bxe7 25. Nxa8 Bd6 26. Nxb6 axb6 27. e4 Kg7 28. exd5 exd5 29. Bg5 Bc7 30. Re1 Bd6 31. Bd8 Bb4 32. Re2 Kf7 33. Bxb6 Be6 34. a4 Bc3 35. a5 1-0

[Event "Montreal op"]
[Site "Montreal"]
[Date "1986.08.30"]
[Round "2"]
[White "Charest, Johanne"]
[Black "Bergeron, Roland"]
[Result "0-1"]
[WhiteElo "1260"]
[BlackElo "1427"]
[PlyCount "112"]
[EventDate "1986.08.29"]
[EventType "swiss"]
[EventRounds "6"]
[EventCountry "CAN"]
[SourceTitle "EXT 2022"]
[Source "ChessBase"]
[SourceDate "2021.10.06"]
[SourceVersion "1"]
[SourceVersionDate "2021.10.06"]
[SourceQuality "1"]

1. e4 c5 2. Nf3 e6 3. Nc3 Nc6 4. d4 cxd4 5. Nxd4 Nf6 6. Bg5 Be7 7. Nf3 d6 8. Bc4 Qb6 9. Bb3 Ng4 10. 0-0 Bxg5 11. Nxg5 Ne3 12. fxe3 Qxe3+ 13. Kh1 Qxg5 14. Qxd6 Qe7 15. Nb5 0-0 16. Qxe7 Nxe7 17. Rfd1 a6 18. Nd6 Rd8 19. Nc4 Nc6 20. Rxd8+ Nxd8 21. Rd1 Nc6 22. Ne5 g6 23. Nxc6 bxc6 24. Rd6 Bb7 25. Ba4 Rb8 26. b3 Rc8 27. Rd7 Ba8 28. Ra7 Rd8 29. h3 c5 30. Rxa6 Bxe4 31. Ra5 Rd1+ 32. Kh2 Rd2 33. Rxc5 Rxg2+ 34. Kh1 Rxc2+ 35. Kg1 Rxc5 36. b4 Rc4 37. a3 Rc3 38. Bd7 Rxa3 39. b5 Rb3 40. Kf2 Bd3 41. Ke1 Bxb5 42. Bxb5 Rxb5 43. Kd2 Rb3 44. h4 Rh3 45. Kc2 Rxh4 46. Kd3 Rf4 47. Ke3 g5 48. Kd3 h5 49. Ke3 h4 50. Kd3 h3 51. Ke3 h2 52. Kd3 h1Q 53. Ke3 Qg2 54. Kd3 Qg3+ 55. Ke2 Rf2+ 56. Ke1 Qg1# 0-1